[Event "Kharkov Young Talents"]
[Site "Kharkov"]
[Date "2021.06.27"]
[Round "8"]
[White "Malakhatko, Vadim"]
[Black "Biriukov, Nikolai"]
[Result "1-0"]
[WhiteElo "2466"]
[BlackElo "2364"]
[PlyCount "96"]
[EventDate "2021.06.22"]
[EventType "tourn"]
[EventRounds "11"]
[EventCountry "UKR"]
[SourceTitle "EXT 2022"]
[Source "ChessBase"]
[SourceDate "2021.10.06"]
[SourceVersion "1"]
[SourceVersionDate "2021.10.06"]
[SourceQuality "1"]

1. d4 Nf6 2. c4 d6 3. Nf3 Nbd7 4. Nc3 e5 5. e4 Be7 6. Be2 0-0 7. 0-0 c6 8. Qc2 Re8 9. Rd1 Qc7 10. h3 a5 11. Be3 exd4 12. Nxd4 Nc5 13. Re1 Bf8 14. Bf3 h6 15. Rad1 Nh7 16. Bf4 Ng5 17. Bg4 Bxg4 18. hxg4 Nce6 19. Bg3 Nxd4 20. Rxd4 Re6 21. Red1 Rae8 22. f3 Rg6 23. Bh2 Qb6 24. Kh1 Ne6 25. R4d3 Qc5 26. Na4 Qg5 27. Qd2 Qh4 28. g3 Qh3 29. Qg2 Qxg2+ 30. Kxg2 h5 31. gxh5 Nf4+ 32. Kf1 Nxd3 33. hxg6 Ne5 34. gxf7+ Kxf7 35. Kf2 Nxc4 36. b3 Ne5 37. Kg2 b5 38. Nb2 Ke6 39. Bg1 Nd7 40. Nd3 Rc8 41. Rc1 Ne5 42. Nf4+ Kd7 43. Bd4 Be7 44. Rd1 Ke8 45. Ne2 Bf8 46. f4 Nd7 47. Kf3 Ra8 48. Be3 Ra6 1-0

[Event "Kharkov Young Talents"]
[Site "Kharkov"]
[Date "2021.06.24"]
[Round "4"]
[White "Kislinsky, Alexey"]
[Black "Biriukov, Nikolai"]
[Result "1-0"]
[WhiteElo "2404"]
[BlackElo "2364"]
[PlyCount "56"]
[EventDate "2021.06.22"]
[EventType "tourn"]
[EventRounds "11"]
[EventCountry "UKR"]
[SourceTitle "EXT 2022"]
[Source "ChessBase"]
[SourceDate "2021.10.06"]
[SourceVersion "1"]
[SourceVersionDate "2021.10.06"]
[SourceQuality "1"]

1. e4 e5 2. Nf3 Nc6 3. Bc4 Bc5 4. b4 Bxb4 5. c3 Bc5 6. Qb3 Qe7 7. d4 exd4 8. 0-0 Bb6 9. cxd4 Nh6 10. Nc3 Na5 11. Qa4 Nxc4 12. Qxc4 c6 13. a4 0-0 14. Bg5 Qe6 15. d5 Qg6 16. Be7 Re8 17. d6 Bd8 18. Bxd8 Rxd8 19. e5 Qe6 20. Qh4 Rf8 21. Ne4 b6 22. Rfe1 Ba6 23. Nf6+ Kh8 24. Nxh7 Rfd8 25. Nf6 Bd3 26. Rac1 Bg6 27. Rc4 b5 28. Rf4 bxa4 1-0

[Event "Prague op"]
[Site "Prague"]
[Date "2019.03.13"]
[Round "6"]
[White "Biriukov, Nikolai"]
[Black "Vorobiov, Evgeny E"]
[Result "0-1"]
[WhiteElo "2372"]
[BlackElo "2566"]
[PlyCount "73"]
[EventDate "2019.03.09"]
[EventType "swiss"]
[EventRounds "9"]
[EventCountry "CZE"]
[SourceTitle "CBM 189 Extra"]
[Source "ChessBase"]
[SourceDate "2019.05.31"]
[SourceVersion "1"]
[SourceVersionDate "2019.05.31"]
[SourceQuality "1"]

1. c4 c5 2. g3 g6 3. Bg2 Bg7 4. Nc3 Nc6 5. Nf3 d6 6. a3 e6 7. Rb1 Nge7 8. b4 0-0 9. 0-0 b6 10. Bb2 cxb4 11. axb4 Nxb4 12. Nd4 d5 13. Ba3 a5 14. Nc2 Ba6 15. cxd5 Nbxd5 16. Nxd5 exd5 17. Ne3 Ra7 18. Qb3 d4 19. Nd5 Nxd5 20. Bxf8 Bxf8 21. Bxd5 Bc5 22. Rfe1 Bb4 23. Rb2 Rc7 24. e4 dxe3 25. fxe3 Rd7 26. e4 Bc5+ 27. Kg2 Qf6 28. d3 a4 29. Qa2 Bxd3 30. Rd2 Qd4 31. Kh3 Bb4 32. Rxd3 Qxd3 33. Rb1 Bc5 34. Kg2 a3 35. Rf1 Kg7 36. h4 f5 37. h5 0-1

[Event "Prague op"]
[Site "Prague"]
[Date "2019.03.11"]
[Round "4"]
[White "Biriukov, Nikolai"]
[Black "Zubov, Alexander"]
[Result "0-1"]
[WhiteElo "2372"]
[BlackElo "2605"]
[PlyCount "76"]
[EventDate "2019.03.09"]
[EventType "swiss"]
[EventRounds "9"]
[EventCountry "CZE"]
[SourceTitle "CBM 189 Extra"]
[Source "ChessBase"]
[SourceDate "2019.05.31"]
[SourceVersion "1"]
[SourceVersionDate "2019.05.31"]
[SourceQuality "1"]

1. c4 e5 2. g3 Nf6 3. Bg2 d5 4. cxd5 Nxd5 5. Nc3 Nb6 6. Nf3 Nc6 7. 0-0 Be7 8. a3 0-0 9. b4 Be6 10. d3 a5 11. b5 Nd4 12. Nd2 Qc8 13. e3 Nf5 14. Qc2 a4 15. Nce4 Nd6 16. Bb2 f6 17. Rfc1 Nxb5 18. Nc5 Ra7 19. Nxe6 Qxe6 20. d4 exd4 21. exd4 c6 22. Re1 Qf7 23. Bh3 Nc7 24. d5 Nbxd5 25. Bd4 Ra6 26. Rab1 c5 27. Rxe7 Qxe7 28. Bxc5 Rc6 29. Bxe7 Rxc2 30. Bxf8 Kxf8 31. Nf3 b5 32. Nd4 Nc3 33. Re1 Ra2 34. Nc6 Rxa3 35. Re7 N7d5 36. Rd7 Ra1+ 37. Kg2 Re1 38. Bf5 a3 0-1

[Event "Krakow op-A 29th"]
[Site "Krakow"]
[Date "2018.12.29"]
[Round "4"]
[White "Marczuk, Dominik"]
[Black "Biriukov, Nikolai"]
[Result "1/2-1/2"]
[WhiteElo "2274"]
[BlackElo "2365"]
[PlyCount "34"]
[EventDate "2018.12.27"]
[EventType "swiss"]
[EventRounds "9"]
[EventCountry "POL"]
[SourceTitle "CBM 188 Extra"]
[Source "ChessBase"]
[SourceDate "2019.02.28"]
[SourceVersion "1"]
[SourceVersionDate "2019.02.28"]
[SourceQuality "1"]

1. e4 c5 2. Nf3 a6 3. c3 d5 4. exd5 Qxd5 5. d4 e6 6. Be2 Nf6 7. 0-0 Nc6 8. Be3 cxd4 9. cxd4 Be7 10. Nc3 Qd6 11. Qd2 0-0 12. Rac1 Nd5 13. Nxd5 exd5 14. a3 Be6 15. Bf4 Qd7 16. Ne5 Nxe5 17. Bxe5 Rac8 1/2-1/2

[Event "Krakow op-A 29th"]
[Site "Krakow"]
[Date "2018.12.27"]
[Round "1"]
[White "Biriukov, Nikolai"]
[Black "Brozyna, Mateusz"]
[Result "1-0"]
[WhiteElo "2365"]
[BlackElo "2173"]
[PlyCount "75"]
[EventDate "2018.12.27"]
[EventType "swiss"]
[EventRounds "9"]
[EventCountry "POL"]
[SourceTitle "CBM 188 Extra"]
[Source "ChessBase"]
[SourceDate "2019.02.28"]
[SourceVersion "1"]
[SourceVersionDate "2019.02.28"]
[SourceQuality "1"]

1. d4 Nf6 2. c4 g6 3. g3 Bg7 4. Bg2 0-0 5. Nc3 d6 6. Nf3 Nc6 7. 0-0 Bf5 8. d5 Na5 9. Nd2 c5 10. e4 Bd7 11. Qc2 a6 12. b3 b5 13. Rb1 Rb8 14. h3 e5 15. cxb5 axb5 16. b4 cxb4 17. Rxb4 Qc8 18. Qb2 Bxh3 19. Nxb5 Bxg2 20. Kxg2 Qc5 21. a3 Rfc8 22. Nc3 Qc7 23. Nb5 Qc5 24. Nc3 Qc7 25. Ndb1 Nc4 26. Qb3 Nd7 27. Nb5 Qc5 28. N1c3 Ndb6 29. Na7 Na5 30. Qb1 Nac4 31. Na4 Nxa4 32. Rxb8 Rf8 33. Rxf8+ Bxf8 34. Qb8 Nab6 35. Nc6 Nd7 36. Qd8 Ncb6 37. Bh6 f5 38. Qe8 1-0

[Event "Berlin Lichtenrade op 14th"]
[Site "Berlin"]
[Date "2018.11.03"]
[Round "8"]
[White "Biriukov, Nikolai"]
[Black "Polatel, Ali"]
[Result "1/2-1/2"]
[WhiteElo "2363"]
[BlackElo "2214"]
[PlyCount "123"]
[EventDate "2018.10.27"]
[EventType "swiss"]
[EventRounds "9"]
[EventCountry "GER"]
[SourceTitle "CBM 187 Extra"]
[Source "ChessBase"]
[SourceDate "2018.11.04"]
[SourceVersion "1"]
[SourceVersionDate "2018.11.04"]
[SourceQuality "1"]

1. d4 d5 2. c4 c6 3. Nc3 Nf6 4. e3 a6 5. Nf3 b5 6. b3 Bg4 7. Be2 e6 8. 0-0 Nbd7 9. h3 Bh5 10. Bb2 Bd6 11. Nd2 Bg6 12. c5 Bc7 13. b4 e5 14. a4 exd4 15. exd4 0-0 16. axb5 axb5 17. Qb3 Re8 18. Rxa8 Qxa8 19. Ra1 Qc8 20. Qa2 Nf8 21. Qa6 Ne6 22. Qxc8 Rxc8 23. Nf3 Nf4 24. Bf1 Nd7 25. Ra6 Bb8 26. Ne2 Nd3 27. Bc3 Nf6 28. Ne1 Nxe1 29. Bxe1 Bf5 30. f3 Bd7 31. Bg3 Kf8 32. Kf2 Ke7 33. Bxb8 Rxb8 34. Nc1 Ne8 35. Bd3 h6 36. Ke3 Nc7 37. Ra7 Kd8 38. Kf4 Ra8 39. Rxa8+ Nxa8 40. Bf5 Nc7 41. Bxd7 Kxd7 42. h4 Ne6+ 43. Ke3 g5 44. Nd3 f6 45. hxg5 hxg5 46. f4 gxf4+ 47. Nxf4 Ng7 48. g4 Ke7 49. Kf3 Ne8 50. Ke2 Nc7 51. Ke3 Na6 52. Nd3 Kd7 53. Kf4 Ke6 54. g5 fxg5+ 55. Kxg5 Kd7 56. Kf6 Kd8 57. Ke6 Kc7 58. Ke7 Nb8 59. Nf4 Na6 60. Nd3 Nb8 61. Ke6 Na6 62. Ke7 1/2-1/2

[Event "Berlin Lichtenrade op 14th"]
[Site "Berlin"]
[Date "2018.11.02"]
[Round "7"]
[White "Lachmann, Utz"]
[Black "Biriukov, Nikolai"]
[Result "0-1"]
[WhiteElo "2191"]
[BlackElo "2363"]
[PlyCount "112"]
[EventDate "2018.10.27"]
[EventType "swiss"]
[EventRounds "9"]
[EventCountry "GER"]
[SourceTitle "CBM 187 Extra"]
[Source "ChessBase"]
[SourceDate "2018.11.04"]
[SourceVersion "1"]
[SourceVersionDate "2018.11.04"]
[SourceQuality "1"]

1. e4 c5 2. Nf3 a6 3. c3 d5 4. exd5 Qxd5 5. d4 e6 6. Be2 Nf6 7. 0-0 cxd4 8. cxd4 Nc6 9. Nc3 Qd6 10. Bg5 Be7 11. Qd2 0-0 12. Rfd1 Nd5 13. Rac1 Rd8 14. Ne4 Qb4 15. Qc2 h6 16. a3 Qb6 17. Bxe7 Ndxe7 18. b4 Qa7 19. Qc5 Rd5 20. Qxa7 Rxa7 21. Nc3 Rd8 22. b5 axb5 23. Nxb5 Ra4 24. Bc4 Na5 25. Ba2 Bd7 26. Nc3 Rxa3 27. d5 exd5 28. Bxd5 Kf8 29. h3 Be8 30. Nb1 Ra4 31. Nc3 Nxd5 32. Nxd5 Bc6 33. Nb6 Rxd1+ 34. Rxd1 Bxf3 35. gxf3 Rb4 36. Nd5 Rb3 37. Rc1 Nc6 38. Ra1 g6 39. Kg2 Nd4 40. Ne3 h5 41. Ra4 Nc6 42. f4 Kg7 43. Kf3 Rc3 44. Ke4 b5 45. Ra2 b4 46. Rb2 b3 47. h4 Na5 48. Kd4 Rc1 49. f5 Kf6 50. fxg6 fxg6 51. f3 Ke6 52. Rg2 Kd7 53. f4 Kc6 54. Rxg6+ Kb5 55. Rg8 Nc6+ 56. Kd3 b2 0-1

[Event "Berlin Lichtenrade op 14th"]
[Site "Berlin"]
[Date "2018.10.31"]
[Round "5"]
[White "Stern, Rene"]
[Black "Biriukov, Nikolai"]
[Result "1-0"]
[WhiteElo "2527"]
[BlackElo "2363"]
[PlyCount "81"]
[EventDate "2018.10.27"]
[EventType "swiss"]
[EventRounds "9"]
[EventCountry "GER"]
[SourceTitle "CBM 187 Extra"]
[Source "ChessBase"]
[SourceDate "2018.11.04"]
[SourceVersion "1"]
[SourceVersionDate "2018.11.04"]
[SourceQuality "1"]

1. Nf3 Nf6 2. c4 c5 3. Nc3 g6 4. e4 d6 5. d4 cxd4 6. Nxd4 Bg7 7. Be2 Nc6 8. Be3 0-0 9. Qd2 Nxd4 10. Bxd4 Be6 11. 0-0 a5 12. f3 a4 13. Rfd1 Qa5 14. Nd5 Nxd5 15. Qxa5 Rxa5 16. cxd5 Bd7 17. Rac1 Bb5 18. Bxg7 Kxg7 19. Kf2 Bxe2 20. Kxe2 Rb5 21. Rd2 Ra8 22. Rc7 Kf6 23. f4 h5 24. Kf3 Re8 25. g3 Rb4 26. Re2 Kg7 27. Rec2 f5 28. R7c4 fxe4+ 29. Kxe4 Rb5 30. Rxa4 e6 31. dxe6 Rxe6+ 32. Kf3 d5 33. Rd4 Re1 34. Rcd2 Ra5 35. Rxd5 Rxa2 36. Rd7+ Kh6 37. Rxb7 Rf1+ 38. Ke2 Rg1 39. Kf2 Rb1 40. Kg2 Re1 41. Rdd7 1-0

[Event "Pardubice Czech op-A 29th"]
[Site "Pardubice"]
[Date "2018.07.27"]
[Round "8"]
[White "Biriukov, Nikolai"]
[Black "Haring, Filip"]
[Result "1-0"]
[WhiteElo "2398"]
[BlackElo "2310"]
[PlyCount "219"]
[EventDate "2018.07.20"]
[EventType "swiss"]
[EventRounds "9"]
[EventCountry "CZE"]
[SourceTitle "CBM 185 Extra"]
[Source "ChessBase"]
[SourceDate "2018.07.29"]
[SourceVersion "1"]
[SourceVersionDate "2018.07.29"]
[SourceQuality "1"]

1. d4 Nf6 2. Nf3 g6 3. Nc3 d5 4. Bf4 c6 5. h3 Bg7 6. e3 0-0 7. Bd3 a6 8. 0-0 c5 9. Re1 Nc6 10. Bh2 Re8 11. a3 b6 12. Na4 c4 13. Bf1 Ne4 14. Nd2 f5 15. b3 Nxd2 16. Qxd2 b5 17. Nc5 e5 18. c3 Bf8 19. b4 Bxc5 20. bxc5 e4 21. a4 Bd7 22. axb5 axb5 23. Rxa8 Qxa8 24. Qb2 Qb7 25. Ra1 Rc8 26. Be2 Ra8 27. Rxa8+ Qxa8 28. Bc7 Qa4 29. Kh2 Bc8 30. f3 b4 31. cxb4 Nxb4 32. fxe4 fxe4 33. Bd1 Qb5 34. Bd6 Qb7 35. Qf2 Qf7 36. Qh4 Nc6 37. Ba4 Bd7 38. Qe1 Qe8 39. Qf2 Qd8 40. Qf4 Qe8 41. Qf2 Qd8 42. Qb2 Qa8 43. Bb5 Qc8 44. Qf2 Qd8 45. Qf1 Qe8 46. Qa1 Qc8 47. Qa4 Qe8 48. Qa2 Qc8 49. Bxc4 dxc4 50. Qxc4+ Be6 51. d5 Bf7 52. Qxe4 Qe8 53. Qxe8+ Bxe8 54. dxc6 Bxc6 55. g4 Kf7 56. h4 Kf6 57. Kg3 h5 58. gxh5 gxh5 59. Kf4 Bd5 60. Bc7 Bc6 61. e4 Bd7 62. Bd6 Bc6 63. Ke3 Ke6 64. Kd4 Bb5 65. Kc3 Bc6 66. Kd3 Bd7 67. Kc4 Bc6 68. e5 Bd7 69. Kd3 Bc6 70. Kd4 Bd5 71. Kc3 Kd7 72. Bf8 Ke6 73. Bg7 Kd7 74. Kd3 Ke6 75. Kd4 Bc6 76. Kc4 Bd7 77. Bf6 Be8 78. Kd4 Bc6 79. Bd8 Bd5 80. Bc7 Bc6 81. Kc4 Be8 82. Bd6 Bd7 83. Kc3 Be8 84. Kb4 Kd5 85. Ka5 Kc6 86. e6 Kd5 87. e7 Kc6 88. Kb4 Kd5 89. Kc3 Bb5 90. Kd2 Ke4 91. Kc2 Kd4 92. Kb3 Bd7 93. Kb4 Kd5 94. Ka5 Kc6 95. Ka6 Be8 96. Ka7 Bg6 97. Kb8 Kd7 98. Kb7 Be4+ 99. Kb6 Bg6 100. c6+ Kc8 101. Bc7 Be8 102. Bd8 Bf7 103. Kc5 Bg6 104. Kd5 Bf7+ 105. Ke5 Be8 106. Kd6 Bf7 107. c7 Bg6 108. Ke6 Be8 109. Kf6 Kd7 110. Kg7 1-0

[Event "Oberliga NRW 1718"]
[Site "Germany"]
[Date "2018.02.18"]
[Round "6.2"]
[White "Thiel, Thomas"]
[Black "Biriukov, Nikolai"]
[Result "1/2-1/2"]
[WhiteElo "2300"]
[BlackElo "2321"]
[PlyCount "49"]
[EventDate "2017.09.17"]
[EventType "team-tourn"]
[EventRounds "9"]
[EventCountry "GER"]
[SourceTitle "EXT 2019"]
[Source "ChessBase"]
[SourceDate "2018.10.10"]
[SourceVersion "1"]
[SourceVersionDate "2018.10.10"]
[SourceQuality "1"]
[WhiteTeam "Wattenscheid"]
[BlackTeam "Wuppertal Bahn"]
[WhiteTeamCountry "GER"]
[BlackTeamCountry "GER"]

1. d4 Nf6 2. Bf4 c5 3. e3 Qb6 4. Na3 cxd4 5. Nb5 d6 6. Qxd4 Qd8 7. Bg5 Nc6 8. Qh4 Bd7 9. Nf3 a6 10. Nc3 e6 11. 0-0-0 Be7 12. Qf4 d5 13. e4 Nxe4 14. Nxe4 dxe4 15. Bxe7 Qxe7 16. Qxe4 0-0-0 17. Ne5 Nxe5 18. Qxe5 f6 19. Qe3 Bc6 20. Bc4 e5 21. f3 Qb4 22. Bd3 Kc7 23. a3 Qd4 24. Rhe1 Qxe3+ 25. Rxe3 1/2-1/2

[Event "Heusenstamm Sparkassen op-A 4th"]
[Site "Heusenstamm"]
[Date "2017.11.24"]
[Round "3"]
[White "Biriukov, Nikolai"]
[Black "Hentzgen, Thomas"]
[Result "1-0"]
[WhiteElo "2393"]
[BlackElo "2037"]
[PlyCount "83"]
[EventDate "2017.11.23"]
[EventType "swiss"]
[EventRounds "7"]
[EventCountry "GER"]
[SourceTitle "EXT 2019"]
[Source "ChessBase"]
[SourceDate "2018.10.10"]
[SourceVersion "1"]
[SourceVersionDate "2018.10.10"]
[SourceQuality "1"]

1. d4 Nf6 2. c4 g6 3. f3 e6 4. Nc3 c5 5. d5 exd5 6. cxd5 d6 7. e4 a6 8. a4 Bg7 9. Nge2 0-0 10. Ng3 Re8 11. Be2 h5 12. 0-0 Qe7 13. Nh1 Nbd7 14. Nf2 Rb8 15. Bg5 Qf8 16. Qd2 Nh7 17. Be3 f5 18. Rfe1 Ndf6 19. Rab1 Nd7 20. exf5 gxf5 21. Bf1 b6 22. Kh1 Ne5 23. Nh3 Kh8 24. Nf4 Qf7 25. Ne6 Bf6 26. b4 Rb7 27. f4 Ng4 28. Bxa6 Rbe7 29. Bxc8 Nxe3 30. Rxe3 Rxc8 31. bxc5 bxc5 32. Nb5 Rd7 33. Qc2 Ra8 34. Ra3 Qg6 35. a5 h4 36. h3 Nf8 37. Nec7 Rb8 38. a6 Bd8 39. a7 Bxc7 40. Nxc7 Rxb1+ 41. Qxb1 Rg7 42. Qb2 1-0

[Event "Mendeleev Memorial 4th"]
[Site "Tiumen"]
[Date "2013.11.05"]
[Round "2"]
[White "Biriukov, Nikolai"]
[Black "Musakaev, Emil"]
[Result "1-0"]
[WhiteElo "2403"]
[BlackElo "2327"]
[PlyCount "93"]
[EventDate "2013.11.03"]
[EventType "tourn"]
[EventRounds "9"]
[EventCountry "RUS"]
[SourceTitle "EXT 2015"]
[Source "ChessBase"]
[SourceDate "2014.11.20"]
[SourceVersion "1"]
[SourceVersionDate "2014.11.20"]
[SourceQuality "1"]

1. Nf3 Nf6 2. c4 e6 3. g3 b6 4. Bg2 Bb7 5. 0-0 c5 6. Nc3 Be7 7. Re1 Ne4 8. Nxe4 Bxe4 9. d3 Bb7 10. e4 Nc6 11. d4 cxd4 12. Nxd4 Nxd4 13. Qxd4 0-0 14. Qd3 Qc7 15. b3 Qc6 16. Bb2 f5 17. Rad1 Rad8 18. f4 h6 19. Re2 Bc5+ 20. Kf1 Qc7 21. Qc3 Rf7 22. exf5 Bxg2+ 23. Rxg2 exf5 24. Rd5 Re8 25. Re2 Rxe2 26. Kxe2 Qc6 27. Kd1 a5 28. Qd3 d6 29. Bc3 Qc8 30. Bd4 Kh7 31. Bxc5 dxc5 32. g4 g6 33. gxf5 gxf5 34. Kc2 Qe6 35. Re5 Qg6 36. Kb2 Qg4 37. Qd5 Kg7 38. Qd2 Kh7 39. Ka3 Qg1 40. Ka4 Qg6 41. Qd5 Kg7 42. Re3 Kh7 43. Re6 Qh5 44. Rxb6 Rg7 45. Rf6 Qe8+ 46. Ka3 Qe4 47. Qd6 1-0